000 01616nam a2200373Ia 4500
005 20220317001730.0
008 170328s2014 s ao g 000 0 s
020 _a9788434224346 (Obra completa)
020 _a9788434224018 (volumen 1)
041 _aspa
082 0 4 _a372.87
_bC11v
100 1 _aCabacés, Roser
245 1 0 _aLa vida tiene música
_ctextos Roser Cabacés, Elisabet Vilaplana ; ilustrado por Anna Clariana
250 _a9a. edición
300 _a80 páginas
_bilustraciones, fotografías en color
_c31 cm
_e2 CD-ROM
490 _aVivamos la música : leer, jugar, escuchar y aprender
505 _aEl sonido y el silencio -- Los paisajes sonoros -- La canción -- Los instrumentos musicales en el mundo -- Los sonidos de la naturaleza -- La voz humana -- La música está a nuestro alrededor -- Actividad global
521 _aRecomendado desde los 12 años
650 1 4 _2LEMB
_aApreciación musical
_xEnseñanza elemental
650 1 4 _2LEMB
_aEstética musical
650 1 4 _2LEMB
_aExpresión artística infantil
650 1 4 _2LEMB
_aInstrumentos musicales
_vTécnica interpretativa
_xEnseñanza elemental
650 1 4 _2LEMB
_aMúsica
_vPartituras
650 1 4 _2LEMB
_aMúsica para niños
_xEnseñanza elemental
650 1 4 _2LEMB
_aMúsica
_vEnseñanza elemental
700 1 _aVilaplana, Elisabet
_917899
700 1 _aClariana, Anna
_d1958-
_eilustradora
_989626
942 _2ddc
_cBK
264 _aBadalona
_bParramón
_c2014
336 _atexto
_btxt
_2rdacontent
337 _asin mediación
_bn
_2rdamedia
338 _avolumen
_bnc
_2rdacarrier
040 _aCO-BoRNBP
_bspa
_erda
_cCO-BoRNBP
999 _c7888
_d7888